| 000 | 01763nam0a2200373 4500 | ||
|---|---|---|---|
| 001 | RU\NLR\bibl\226366 | ||
| 005 | 20260405103608.0 | ||
| 010 |
_a5-94211-018-2 _9180 |
||
| 021 |
_aRU _b2001-50272 _92424 |
||
| 035 | _a(NLR Aleph) 000222379 | ||
| 090 |
_a1292794 _c1292794 |
||
| 100 | _a20020129d2001 |||y0rusy50 ca | ||
| 101 | 0 | _arus | |
| 102 | _aRU | ||
| 105 | _ay ||||||||| | ||
| 200 | 1 |
_aТеория автоматического управления (специальные методы) _eУчеб. пособие _fК.П. Власов, А.С. Анашкин _gМ-во образования Рос. Федерации, С.-Петерб. гос. горн. ин-т им. Г.В. Плеханова (техн. ун-т) |
|
| 210 |
_aСПб. _cС.-Петерб. горн. ин-т _d2001 |
||
| 215 |
_a119 с. _cил. _d20 |
||
| 313 | _aбез специфики | ||
| 320 | _aБиблиогр.: с. 118 | ||
| 606 | 0 |
_aАвтоматическое управление и регулирование _jРуководства, пособия и т.п. для высшей школы _xТеория _9898360 _3RU\NLR\auth\666003 |
|
| 606 | 0 |
_aТАУ _jУчебные издания для высшей школы _92143059 _3RU\NLR\auth\661291440 |
|
| 675 |
_a681.51.01(075.8) _v3 _zrus |
||
| 686 |
_a50 _2rugasnti |
||
| 686 |
_a32.817я73 _2rubbk |
||
| 686 | _aЗ965-01я73-1 | ||
| 700 | 1 |
_4070 _8rus _7ca _aВласов _bК. П. _cд-р техн. наук _gКонстантин Петрович _3RU\NLR\auth\7739208 _922192 |
|
| 701 | 1 |
_aАнашкин _bА. С. _gАлексей Сергеевич _4070 |
|
| 801 | 0 |
_aRU _bRKP _c20020129 _gPSBO |
|
| 801 | 1 |
_aRU _bRKP _c20020129 |
|
| 801 | 2 |
_aRU _bNLR _c20060610 _grcr |
|
| 942 | _cBOOK | ||
| 980 | _aNB | ||